[Event "Barcelona Tres Peons op 49th"]
[Site "Barcelona"]
[Date "2020.02.28"]
[Round "8"]
[White "Sanchez Sanchez, Ignasi"]
[Black "Catarineu Morales, Alex"]
[Result "1-0"]
[WhiteElo "1962"]
[BlackElo "1919"]
[PlyCount "121"]
[EventDate "2020.01.10"]
[EventType "swiss"]
[EventRounds "8"]
[EventCountry "ESP"]
[SourceTitle "EXT 2021"]
[Source "ChessBase"]
[SourceDate "2020.10.23"]
[SourceVersion "1"]
[SourceVersionDate "2020.10.23"]
[SourceQuality "1"]

1. d4 Nf6 2. c4 g6 3. Nc3 d5 4. Nf3 Bg7 5. h4 h5 6. Bf4 a6 7. Qb3 dxc4 8. Qxc4 c6 9. Ne5 Be6 10. Qb4 Qc8 11. Rc1 Nbd7 12. e3 0-0 13. Bc4 c5 14. Qb3 Bxc4 15. Qxc4 b5 16. Qb3 Nxe5 17. Bxe5 Qg4 18. Ne2 Ne4 19. Nf4 cxd4 20. Bxg7 Kxg7 21. Rh3 dxe3 22. Qxe3 Rac8 23. Rxc8 Rxc8 24. Nxh5+ Qxh5 25. Qxe4 Rc5 26. Qd4+ Re5+ 27. Re3 f6 28. Rxe5 fxe5 29. Qe4 Qf5 30. Qxf5 gxf5 31. Ke2 Kh6 32. Kf3 Kh5 33. g3 a5 34. b3 b4 35. Ke3 Kg4 36. f3+ Kxg3 37. h5 e4 38. f4 e5 39. fxe5 f4+ 40. Kxe4 f3 41. h6 f2 42. h7 f1Q 43. h8Q Qb1+ 44. Kd5 Qxa2 45. Qg7+ Kf2 46. Qf6+ Ke2 47. Qa6+ Kd2 48. Qc4 Qa1 49. e6 Qh1+ 50. Qe4 Qh5+ 51. Kd6 Kc3 52. Qe3+ Kc2 53. e7 Qh2+ 54. Qe5 Qd2+ 55. Kc7 Qc3+ 56. Qxc3+ bxc3 57. e8Q Kxb3 58. Qb5+ Ka2 59. Qxa5+ Kb2 60. Qb4+ Kc2 61. Kc6 1-0

[Event "Barcelona Tres Peons op 49th"]
[Site "Barcelona"]
[Date "2020.02.07"]
[Round "5"]
[White "Galceran Porqueras, Joan"]
[Black "Sanchez Sanchez, Ignasi"]
[Result "0-1"]
[WhiteElo "1758"]
[BlackElo "1962"]
[PlyCount "62"]
[EventDate "2020.01.10"]
[EventType "swiss"]
[EventRounds "8"]
[EventCountry "ESP"]
[SourceTitle "CBM 195 Extra"]
[Source "ChessBase"]
[SourceDate "2020.05.31"]
[SourceVersion "1"]
[SourceVersionDate "2020.05.31"]
[SourceQuality "1"]

1. e4 c5 2. d3 Nf6 3. Nf3 d6 4. g3 Nc6 5. Bg2 g6 6. 0-0 Bg7 7. c3 0-0 8. Re1 Bg4 9. Qc2 Qc8 10. Bg5 Re8 11. Nbd2 h6 12. Be3 Bh3 13. Bh1 Ng4 14. Nf1 Nxe3 15. Nxe3 Rb8 16. Rac1 b5 17. Qd2 Qd7 18. d4 b4 19. Nc4 Bg4 20. d5 bxc3 21. bxc3 Ne5 22. Nfxe5 dxe5 23. Rb1 Qa4 24. Ne3 Bd7 25. Bf3 Bb5 26. Rb2 Rb6 27. Reb1 Reb8 28. Bd1 Qa6 29. Bb3 Bd3 30. Rd1 c4 31. Ng2 Bxe4 0-1

[Event "Barcelona Tres Peons op 49th"]
[Site "Barcelona"]
[Date "2020.01.31"]
[Round "4"]
[White "Sanchez Sanchez, Ignasi"]
[Black "Volart Buil, Jordi"]
[Result "1/2-1/2"]
[WhiteElo "1962"]
[BlackElo "1696"]
[PlyCount "24"]
[EventDate "2020.01.10"]
[EventType "swiss"]
[EventRounds "8"]
[EventCountry "ESP"]
[SourceTitle "CBM 195 Extra"]
[Source "ChessBase"]
[SourceDate "2020.05.31"]
[SourceVersion "1"]
[SourceVersionDate "2020.05.31"]
[SourceQuality "1"]

1. d4 Nf6 2. c4 c5 3. d5 d6 4. Nc3 e5 5. e4 Be7 6. g3 Nbd7 7. Bg2 Nf8 8. Nge2 Ng6 9. h4 h5 10. Qd3 a6 11. f3 Bd7 12. a4 Qc8 1/2-1/2

[Event "Barcelona Tres Peons op 49th"]
[Site "Barcelona"]
[Date "2020.01.24"]
[Round "3"]
[White "Corominas Garrido, Jordi"]
[Black "Sanchez Sanchez, Ignasi"]
[Result "1/2-1/2"]
[WhiteElo "1731"]
[BlackElo "1962"]
[PlyCount "58"]
[EventDate "2020.01.10"]
[EventType "swiss"]
[EventRounds "8"]
[EventCountry "ESP"]
[SourceTitle "CBM 195 Extra"]
[Source "ChessBase"]
[SourceDate "2020.05.31"]
[SourceVersion "1"]
[SourceVersionDate "2020.05.31"]
[SourceQuality "1"]

1. c4 e5 2. g3 g6 3. Bg2 Bg7 4. Nc3 d6 5. Nf3 Nh6 6. d4 0-0 7. dxe5 dxe5 8. Qxd8 Rxd8 9. Nxe5 Nf5 10. Nf3 c6 11. Bg5 Re8 12. Rc1 Na6 13. Bd2 Nc5 14. 0-0 Bxc3 15. Bxc3 Rxe2 16. Rfe1 Rxe1+ 17. Rxe1 Be6 18. b3 h6 19. Ne5 Rd8 20. Ng4 Nd4 21. Nf6+ Kf8 22. Kf1 Nf5 23. Bb4 Kg7 24. Nh5+ gxh5 25. Bxc5 b6 26. Bb4 c5 27. Bc3+ Kf8 28. h4 Rd3 29. Bf6 Nd4 1/2-1/2

[Event "Barcelona Vila Gracia op 8th"]
[Site "Barcelona"]
[Date "2014.10.24"]
[Round "5.4"]
[White "Vicient Calvo, Ramon"]
[Black "Sanchez Sanchez, Ignasi"]
[Result "1-0"]
[WhiteElo "2142"]
[BlackElo "2043"]
[PlyCount "91"]
[EventDate "2014.09.26"]
[EventType "swiss"]
[EventRounds "9"]
[EventCountry "ESP"]
[SourceTitle "EXT 2024"]
[Source "ChessBase"]
[SourceDate "2023.10.10"]
[SourceVersion "1"]
[SourceVersionDate "2023.10.10"]
[SourceQuality "1"]

1. d4 e6 2. Nf3 b6 3. e4 Bb7 4. Bd3 Nf6 5. Nc3 Bb4 6. Qe2 d5 7. e5 Ne4 8. Bd2 Nxd2 9. Qxd2 Be7 10. a4 c5 11. 0-0 Nc6 12. Qf4 a6 13. dxc5 bxc5 14. Rad1 Nb4 15. Qg4 g6 16. b3 Qc7 17. h4 Nxd3 18. Rxd3 0-0-0 19. Rfd1 Kb8 20. Ng5 Rdf8 21. f4 Qc6 22. Qe2 h6 23. Nf3 f6 24. exf6 Bxf6 25. Ne5 Bxe5 26. Qxe5+ Ka7 27. Re1 Re8 28. Rg3 Rhg8 29. Qf6 Qd6 30. Qe5 Qe7 31. Rg4 Qf7 32. b4 cxb4 33. Qd4+ Ka8 34. Qxb4 Qf5 35. Qb6 Qxg4 36. Rb1 Rg7 37. Nb5 axb5 38. axb5 Qxf4 39. Qc5 Qc7 40. Qa3+ Kb8 41. b6 Qf4 42. Rb4 Qd6 43. Qc3 Rc8 44. Qxg7 Qxb4 45. Qe5+ Ka8 46. Qa1+ 1-0

[Event "Barcelona Vila Gracia op 8th"]
[Site "Barcelona"]
[Date "2014.10.17"]
[Round "4.4"]
[White "Sanchez Sanchez, Ignasi"]
[Black "Lillo Castany, Victor"]
[Result "1-0"]
[WhiteElo "2043"]
[BlackElo "2369"]
[PlyCount "81"]
[EventDate "2014.09.26"]
[EventType "swiss"]
[EventRounds "9"]
[EventCountry "ESP"]
[SourceTitle "EXT 2024"]
[Source "ChessBase"]
[SourceDate "2023.10.10"]
[SourceVersion "1"]
[SourceVersionDate "2023.10.10"]
[SourceQuality "1"]

1. b3 e5 2. Bb2 Nc6 3. e3 Nf6 4. Nf3 e4 5. Nd4 Nxd4 6. Bxd4 Be7 7. d3 exd3 8. Bxd3 0-0 9. Nd2 d5 10. 0-0 c5 11. Bb2 Bg4 12. Be2 Be6 13. c4 Qd7 14. cxd5 Nxd5 15. Nc4 Rfd8 16. Bf3 b5 17. Ne5 Qc7 18. Qe2 Bf6 19. Bxd5 Bxd5 20. Nf3 Bxb2 21. Qxb2 Qb7 22. Nh4 Qe7 23. Nf5 Qg5 24. Ng3 h5 25. Qe2 h4 26. Qh5 Qf6 27. Ne2 Rac8 28. Rfd1 g6 29. Qg4 Be6 30. Qe4 Qb2 31. Nf4 Bf5 32. Qe7 Rd7 33. Qxh4 Qxa2 34. g4 Be4 35. h3 Rxd1+ 36. Rxd1 Qxb3 37. Rd8+ Rxd8 38. Qxd8+ Kg7 39. Qe7 Qd1+ 40. Kh2 Qf3 41. Ne6+ 1-0

[Event "Barcelona Tres Peons op 16th"]
[Site "Barcelona"]
[Date "2014.01.24"]
[Round "3"]
[White "Vargas Drechsler, Carlos"]
[Black "Sanchez Sanchez, Ignasi"]
[Result "0-1"]
[WhiteElo "1973"]
[BlackElo "2054"]
[PlyCount "48"]
[EventDate "2014.01.10"]
[EventType "swiss"]
[EventRounds "9"]
[EventCountry "ESP"]
[SourceTitle "EXT 2015"]
[Source "ChessBase"]
[SourceDate "2014.11.20"]
[SourceVersion "1"]
[SourceVersionDate "2014.11.20"]
[SourceQuality "1"]

1. d4 Nc6 2. Nf3 Nf6 3. g3 g6 4. Bg2 Bg7 5. 0-0 d6 6. c3 0-0 7. b4 a6 8. a4 e5 9. dxe5 dxe5 10. Ba3 Re8 11. Qxd8 Nxd8 12. Nbd2 Ng4 13. h3 Nxf2 14. Rxf2 e4 15. Nxe4 Rxe4 16. Ng5 Re3 17. Raf1 Rxg3 18. Nxf7 Bxh3 19. Nxd8 Rxd8 20. Rc1 Bxg2 21. Rxg2 Rxc3 22. Rxc3 Bxc3 23. e4 Rd1+ 24. Kf2 Ra1 0-1

[Event "Barcelona Vila de Gracia op 6th"]
[Site "Barcelona"]
[Date "2012.10.05"]
[Round "2"]
[White "Obon Temprano, Sergi"]
[Black "Sanchez Sanchez, Ignasi"]
[Result "1-0"]
[WhiteElo "2285"]
[BlackElo "1952"]
[PlyCount "41"]
[EventDate "2012.09.28"]
[EventType "swiss"]
[EventRounds "9"]
[EventCountry "ESP"]
[SourceTitle "EXT 2015"]
[Source "ChessBase"]
[SourceDate "2014.11.20"]
[SourceVersion "1"]
[SourceVersionDate "2014.11.20"]
[SourceQuality "1"]

1. e4 c5 2. Nf3 e6 3. d4 cxd4 4. Nxd4 a6 5. Nc3 Nc6 6. Be3 Be7 7. Bd3 Bf6 8. Nb3 Nge7 9. 0-0 d5 10. exd5 Nxd5 11. Nxd5 Qxd5 12. c3 Ne5 13. Be2 Qxd1 14. Raxd1 Bd7 15. f4 Ng6 16. Na5 Bc6 17. Nxc6 bxc6 18. Bf3 Ne7 19. Bc5 Nd5 20. c4 Be7 21. Bf2 1-0

[Event "Barcelona Tres Peons op 13th"]
[Site "Barcelona"]
[Date "2011.02.18"]
[Round "7"]
[White "Sanchez Sanchez, Ignasi"]
[Black "De la Plaza Gras, Jordi"]
[Result "1/2-1/2"]
[WhiteElo "1968"]
[BlackElo "2023"]
[PlyCount "40"]
[EventDate "2011.01.07"]
[EventType "swiss"]
[EventRounds "9"]
[EventCountry "ESP"]
[SourceTitle "EXT 2012"]
[Source "ChessBase"]
[SourceDate "2011.11.24"]
[SourceVersion "1"]
[SourceVersionDate "2011.11.24"]
[SourceQuality "1"]

1. d4 f5 2. e4 fxe4 3. Nc3 Nf6 4. Bg5 Nc6 5. d5 Ne5 6. Qe2 d6 7. Bxf6 exf6 8. Nxe4 f5 9. Nc3 Be7 10. 0-0-0 0-0 11. Nf3 Nxf3 12. Qxf3 Bf6 13. Bd3 Bxc3 14. bxc3 Qf6 15. Bc4 Bd7 16. Rhe1 b5 17. Bf1 Rab8 18. Qe3 Rbe8 19. Qd4 Qxd4 20. cxd4 f4 1/2-1/2

[Event "Barcelona Tres Peons op 13th"]
[Site "Barcelona"]
[Date "2011.01.21"]
[Round "3"]
[White "Ruiz Manchon, Francesco Xavier"]
[Black "Sanchez Sanchez, Ignasi"]
[Result "1-0"]
[WhiteElo "2076"]
[BlackElo "1968"]
[PlyCount "43"]
[EventDate "2011.01.07"]
[EventType "swiss"]
[EventRounds "9"]
[EventCountry "ESP"]
[SourceTitle "EXT 2012"]
[Source "ChessBase"]
[SourceDate "2011.11.24"]
[SourceVersion "1"]
[SourceVersionDate "2011.11.24"]
[SourceQuality "1"]

1. e4 c5 2. c3 d5 3. exd5 Qxd5 4. d4 Nf6 5. Nf3 Bg4 6. dxc5 Qxd1+ 7. Kxd1 e5 8. b4 e4 9. h3 Bh5 10. g4 Nxg4 11. hxg4 Bxg4 12. Nbd2 g6 13. Bb5+ Nc6 14. Kc2 exf3 15. Re1+ Kd7 16. Nc4 Bg7 17. Bg5 Be6 18. Rad1+ Ke8 19. Ne5 Kf8 20. Nxc6 bxc6 21. Bxc6 Rb8 22. Bd7 1-0

[Event "San Marti op U20 12th"]
[Site "San Marti"]
[Date "2010.07.17"]
[Round "5"]
[White "Sanchez Sanchez, Ignasi"]
[Black "Llopis Jordan, Lluis"]
[Result "1/2-1/2"]
[WhiteElo "1986"]
[BlackElo "1832"]
[PlyCount "56"]
[EventDate "2010.07.13"]
[EventType "swiss"]
[EventRounds "9"]
[EventCountry "ESP"]
[SourceTitle "EXT 2012"]
[Source "ChessBase"]
[SourceDate "2011.11.24"]
[SourceVersion "1"]
[SourceVersionDate "2011.11.24"]
[SourceQuality "1"]

1. d4 c6 2. Nf3 d5 3. Bf4 Bf5 4. e3 e6 5. Nbd2 Qb6 6. b3 Bb4 7. Bd3 Bg4 8. 0-0 Nf6 9. c4 Nh5 10. c5 Qa5 11. Bd6 Bxd2 12. Qxd2 Qxd2 13. Nxd2 Nf6 14. f3 Bh5 15. Kf2 Bg6 16. Ke2 Bxd3+ 17. Kxd3 Nfd7 18. e4 f6 19. exd5 cxd5 20. f4 Nc6 21. a3 a5 22. Kc3 Kf7 23. Nf3 h6 24. b4 axb4+ 25. axb4 b5 26. g4 g6 27. h4 f5 28. gxf5 gxf5 1/2-1/2

[Event "UGA Inverno op"]
[Site "Barcelona"]
[Date "2002.??.??"]
[Round "7"]
[White "Canals Bacardit, Josep"]
[Black "Sanchez Sanchez, Ignasi"]
[Result "0-1"]
[WhiteElo "1995"]
[BlackElo "1825"]
[PlyCount "50"]
[EventDate "2002.01.21"]
[EventType "swiss"]
[EventRounds "7"]
[EventCountry "ESP"]
[SourceTitle "EXT 2003"]
[Source "ChessBase"]
[SourceDate "2002.11.25"]
[SourceVersion "1"]
[SourceVersionDate "2002.11.25"]
[SourceQuality "1"]

1. e4 e6 2. d4 d5 3. Nc3 Nf6 4. e5 Nfd7 5. Nf3 c5 6. Be3 Nc6 7. Bb5 a6 8. Bxc6 bxc6 9. dxc5 Bxc5 10. Bxc5 Nxc5 11. Nd4 Qc7 12. 0-0 0-0 13. f4 Nd7 14. b4 Nb6 15. Nb3 Nc4 16. Qd4 a5 17. b5 a4 18. Nc5 Na3 19. b6 Qxb6 20. Nxe6 Qxd4+ 21. Nxd4 c5 22. Ncb5 Ba6 23. Nc7 cxd4 24. Nxa6 Rxa6 25. Rac1 Rc8 0-1